El agnosticismo
Enregistré dans:
| Auteur principal: | |
|---|---|
| Format: | Livre |
| Langue: | espagnol |
| Publié: |
Madrid
Trotta
1996
|
| Collection: | Colección Estructuras y Procesos. Serie Filosofía
|
| Sujets: | |
| Tags: |
Ajouter un tag
Pas de tags, Soyez le premier à ajouter un tag!
|
MARC
| LEADER | 00000nam a2200000 a 4500 | ||
|---|---|---|---|
| 001 | UCP4085 | ||
| 003 | CL-VaPUC | ||
| 008 | 990724e19960000SP |||||||||||||||||spa|d | ||
| 082 | 0 | 4 | |a 299.9 |b VEL |2 21 |
| 100 | 0 | |a Velarde, Julián |e author |9 431486 | |
| 245 | 1 | 3 | |a El agnosticismo |
| 300 | |a 109 p | ||
| 942 | |c BK | ||
| 945 | |d 19990724 00:00:00 |a rbrito | ||
| 260 | |a Madrid |b Trotta |c 1996 | ||
| 650 | 0 | |a Agnosticismo |9 334887 | |
| 650 | 0 | |a Verdad |9 313815 | |
| 650 | 0 | |a Filosofía |9 223554 | |
| 650 | 0 | |a Cognición |9 270347 | |
| 650 | 0 | |a Fe |9 308036 | |
| 650 | 0 | |a Epistemología |9 264994 | |
| 583 | |a last modification |c 19990724 00:00:00 |k Rodrigo Vera | ||
| 490 | 0 | |a Colección Estructuras y Procesos. Serie Filosofía | |
| 999 | |c 282154 |d 282152 | ||
| 952 | |0 0 |1 0 |4 0 |6 299_900000000000000_VEL_1996 |7 0 |8 A |9 323637 |a BIBTEO |b BIBTEO |d 2019-11-20 |i 3519848 |o 299.9 VEL 1996 |p 3519848 |r 2025-01-17 |w 2019-11-20 |y BK |k ICR | ||
| 952 | |0 0 |1 0 |4 0 |6 299_900000000000000_VEL_1996 |7 0 |8 A |9 323638 |a BIBTEO |b BIBTEO |d 2019-11-20 |i 364698K |o 299.9 VEL 1996 |p 364698K |r 2025-01-17 |w 2019-11-20 |y BK |k ICR | ||
| 952 | |0 0 |1 2 |4 0 |6 299_900000000000000_VEL_1996 |7 0 |8 A |9 323639 |a BIBTEO |b BIBTEO |d 2019-11-20 |i 371568K |o 299.9 VEL 1996 |p 371568K |r 2019-11-20 |w 2019-11-20 |y BK |k ICR | ||
| 952 | |0 0 |1 0 |4 0 |6 299_900000000000000_VEL_1996 |7 0 |8 A |9 323640 |a BIBEDU |b BIBEDU |d 2019-11-20 |i 3763625 |o 299.9 VEL 1996 |p 3763625 |r 2019-11-20 |w 2019-11-20 |y BK |k FIL | ||